The Politics of Muslim Cultural Reform / (Record no. 522686)
[ view plain ]
| 000 -LEADER | |
|---|---|
| fixed length control field | 00397nam a22001577a 4500 |
| 003 - CONTROL NUMBER IDENTIFIER | |
| control field | NUST |
| 020 ## - INTERNATIONAL STANDARD BOOK NUMBER | |
| International Standard Book Number | 0195793714 |
| 038 ## - RECORD CONTENT LICENSOR | |
| Staff Name | waseem |
| 082 ## - DEWEY DECIMAL CLASSIFICATION NUMBER | |
| Classification number | 958.04 |
| Author Mark | KHA |
| 100 ## - MAIN ENTRY--PERSONAL NAME | |
| Personal name | Khalid, Adeeb |
| 9 (RLIN) | 12838 |
| 245 ## - TITLE STATEMENT | |
| Title | The Politics of Muslim Cultural Reform / |
| Statement of responsibility, etc. | Adeeb Khalid |
| 260 ## - PUBLICATION, DISTRIBUTION, ETC. | |
| Place of publication, distribution, etc. | Karachi : |
| Name of publisher, distributor, etc. | Oxford University Press, |
| Date of publication, distribution, etc. | 2000. |
| 300 ## - PHYSICAL DESCRIPTION | |
| Extent | 35 p. ; |
| 500 ## - GENERAL NOTE | |
| General note | Paperback. |
| 942 ## - ADDED ENTRY ELEMENTS (KOHA) | |
| Source of classification or shelving scheme | |
| Koha item type | Book |
| Withdrawn status | Lost status | Source of classification or shelving scheme | Damaged status | Not for loan | Collection code | Permanent Location | Current Location | Shelving location | Date acquired | Source of acquisition | Total Checkouts | Full call number | Barcode | Date last seen | Price effective from | Koha item type |
|---|---|---|---|---|---|---|---|---|---|---|---|---|---|---|---|---|
| Central Library (CL) | Central Library (CL) | Book Cart | 01/02/2019 | Donation | 958.04 KHA | CL-D-236 | 01/02/2019 | 01/02/2019 | Book |
